000 00542nam a22002057a 4500
999 _c6668
_d6668
003 OSt
005 20200224152240.0
008 200224b ||||| |||| 00| 0 eng d
020 _a9780340975879
040 _cDDC
082 _a150 GRO 2009
100 _aGross,Richard;
_93607
245 _aThemes, Issues and Debates in Psychology.
250 _a3rd ed.
260 _aUK,
_bHodder Education;
_c2009.
300 _axiii,346p;
_bill;
_c24cm.
504 _aincludes references and index.
650 _aPsychology
_931
942 _2ddc
_cO_SHELF